| 000 | 00802cam a22002655a 4500 | ||
|---|---|---|---|
| 001 | ssj0000485823 | ||
| 003 | OSt | ||
| 005 | 20161115140952.0 | ||
| 008 | 101015s2010 enka frbd 001 0 eng d | ||
| 020 | _z9780335227235 | ||
| 020 | _z0335227236 | ||
| 040 |
_aCaPaEBR _cCaPaEBR _dWaSeSS _dEG-ScBUE _beng |
||
| 082 | 0 | 4 |
_222 _a302.23 _bBUR |
| 100 | 1 | _aBurton, Graeme. | |
| 245 | 1 | 0 |
_aMedia and society : _bcritical perspectives / _cGraeme Burton. |
| 250 | _a2nd ed. | ||
| 260 |
_aBerkshire : _bOpen University Press, _c2010. |
||
| 300 |
_avii, 342 p. : _bill. ; _c24 cm. |
||
| 500 | _aGlossary : p. [313]-322. | ||
| 500 | _aIndex : p. [341]-342. | ||
| 504 | _aBibliography : p. [323]-336. | ||
| 650 | 7 |
_aMass media _xSocial aspects. _2BUEsh _939331 |
|
| 653 |
_bCOMAME _cNovember2016 |
||
| 942 | _2ddc | ||
| 999 |
_c23151 _d23123 |
||